| 000 | 00534nam a22001697a 4500 | ||
|---|---|---|---|
| 003 | OSt | ||
| 005 | 20260129153446.0 | ||
| 008 | 260129b |||||||| |||| 00| 0 eng d | ||
| 040 | _cMRSPTU | ||
| 041 | _aEnglish | ||
| 100 | _aSunita Kotwal, Supervisor: Dr. Sanjiv Aggarawal | ||
| 245 | _aEarth Quake Resistant Design and Construction of Building | ||
| 260 |
_bDepartment of Civil Engg. MRSPTU, Bathinda _c2010 |
||
| 650 | _aCivil Engineering | ||
| 856 | _uhttp://163.47.215.52:8080/jspui/handle/123456789/985 | ||
| 942 |
_2ddc _cTH _n0 |
||
| 999 |
_c10791 _d10791 |
||